00329nam a2200133Ia 4500100002700000250000600027366000700033654002200040245007000062260002800132082001500160300000800175546001200183 aBurt/D.N/ Dobler/D.W/  a7 f15 asupply management aWorld class supply management:The key to supply chain management bTata Mc Graw hillc2003 a658.7bBUR a689 aENGLISH